Normal view
MARC view
- Sparhawk S
Entry Personal Name
001 - CONTROL NUMBER
- control field: 110216
003 - CONTROL NUMBER IDENTIFIER
- control field: OSt
005 - DATE AND TIME OF LATEST TRANSACTION
- control field: 20230125043715.0
008 - FIXED-LENGTH DATA ELEMENTS
- fixed length control field: 230125|| aca||aabn | a|a d
040 ## - CATALOGING SOURCE
- Original cataloging agency: OSt
- Transcribing agency: OSt
100 ## - HEADING--PERSONAL NAME
- Personal name: Sparhawk S
670 ## - SOURCE DATA FOUND
- Source citation: Work cat.: (OSt)86964: Sparhawk S, Identifying Trageted Training Needs, 1998